| 000 | 00712nam a22001937a 4500 | ||
|---|---|---|---|
| 005 | 20251108174924.0 | ||
| 008 | 250721s2003 xx 000 0 ara d | ||
| 082 | 1 | 4 | _aم/723.30962/رزق |
| 100 | 1 |
_aرزق، عاصم محمد _eمؤلف |
|
| 245 | 1 | 0 | _aالعمارة الإسلامية والقبطية بالقاهرة فيما بين الفتح العربي ونهاية عصر الدولة الأيوبية(21-648ه=641-1250م) / |
| 264 |
_bمكتبة مدبولي، _c2003. |
||
| 300 | _a2ج. | ||
| 650 | 1 | 7 | _aالعمارة الإسلامية |
| 650 | 1 | 7 | _aالهندسة المعمارية |
| 650 | 1 | 7 | _aالأيوبيون 1252-1174 |
| 650 | 1 | 7 | _aمصر |
| 942 |
_2ddc _cREF |
||
| 999 |
_c121577 _d121577 |
||